El derecho civil en la legalidad constitucional segn︢ el sistema italo-comunitario de las fuentes /

Bibliographic Details
Main Author: Perlingieri, Pietro
Other Authors: Luna Serrano, Agustn̕ (coord), Maluquer de Motes y Bernet, Carlos (coord)
Format: Unknown
Language:Spanish
Published: Madrid : Dykinson, 2008
Subjects:
Online Access:Acceso restringido

MARC

LEADER 00000ny a22000003n 4500
005 2011051901231.0
006 m u
007 cr cn|||||||||
008 200903r2008 sp |||||s|||||||||||spa d
020 |a 9788498493504 
035 |a 2729 
040 |a FlNmELB  |c FlNmELB  |d vLex 
080 |a 347(45) 
090 |c 25  |d 25 
100 1 |a Perlingieri, Pietro 
245 1 3 |a El derecho civil en la legalidad constitucional  |h [Recurso electrn̤ico]  |b segn︢ el sistema italo-comunitario de las fuentes /  |c Pietro Perlingieri ; traduccin̤, con comentarios, de la 3a ed. italiana coordinada por Agustn̕ Luna Serrano, Carlos Maluquer de Motes y Bernet 
256 |a Servicio en ln̕ea 
260 |a Madrid :  |b Dykinson,  |c 2008 
300 |a 935 p. 
506 1 |a Contenido solo disponible en los productos indicados  |d vLex Global  |d vLex Global (Academic Edition, excluding Law Schools)  |d vLex Global (U.S. Academic Edition, Law Schools)  |d vLex Global (U.S. Academic Edition, excluding Law Schools)  |d vLex Global (Academic Edition, Law Schools) 
650 0 4 |a Derecho civil  |z Filosofa̕ 
650 0 4 |a Derecho civil  |z Italia 
700 1 |a Luna Serrano, Agustn̕,   |e coord 
700 1 |a Maluquer de Motes y Bernet, Carlos,   |e coord 
740 0 |a vLex Libros (Servicios en ln̕ea) 
856 4 0 |z Acceso restringido  |u http://vlex.com/source/derecho-civil-legalidad-constitucional-sistema-italo-comunitario-2729 
942 |c BOOK 
999 0 |a Civil law  |b Espaą